000 00362nam a2200133Ia 4500
005 20260328104312.0
008 260328s9999||||xx |||||||||||||| ||und||
100 _aOrtega, María Lucia
245 0 _aConstruir el Contexto /
_cMaría Lucia Ortega
260 _bUniversidad de Bogotá Jorge Tadeo Lozano
300 _a147 p.
650 _aURBANISMO
942 _cBK
999 _c10989
_d10989